000 00689 a2200217 4500
003 Nust
005 20170207165540.0
020 _a0-19-511009-9
040 _cNust
082 0 _a621.382
100 1 _aLathi, Bhagwandas Pannalal
245 1 0 _aModern digital and analog communication systems (E-Book)
_cB.P. Lathi
250 _a3. ed.
260 _aNew York :
_bOxford University Press,
_c1998
300 _axiii, 781 s. :
_bill.
490 1 _aOxford series in electrical and computer engineering
500 _aSolutions manual finns i separat vol.
650 0 _aTelecommunications engineering - (E-BOOK)
651 _aE-Book
830 0 _aHRW series in electrical and computer engineering
942 _2ddc
_cBK
999 _c212426
_d212426